MARC details
| 000 -CABECERA |
| campo de control de longitud fija |
00950nam a2200229 a 4500 |
| 001 - NÚMERO DE CONTROL |
| campo de control |
000003152 |
| 005 - FECHA Y HORA DE LA ÚLTIMA TRANSACCIÓN |
| campo de control |
20200929150339.0 |
| 008 - DATOS DE LONGITUD FIJA--INFORMACIÓN GENERAL |
| campo de control de longitud fija |
701118s1972 mx 001 e spa |
| 040 ## - FUENTE DE LA CATALOGACIÓN |
| Centro catalogador/agencia de origen |
DO-SdBNP |
| Lengua de catalogación |
spa |
| Centro/agencia transcriptor |
BNPHU |
| 082 ## - NÚMERO DE LA CLASIFICACIÓN DECIMAL DEWEY |
| Número de clasificación |
814.54 |
| Número de documento/Ítem |
C875f |
| 100 1# - ENTRADA PRINCIPAL--NOMBRE DE PERSONA |
| Nombre de persona |
Cowley, Malcolm, |
| Fechas asociadas al nombre |
1898-1989. |
| 9 (RLIN) |
9945 |
| 240 10 - TÍTULO UNIFORME |
| Título uniforme |
A many-windowed house. |
| Lenguaje de la obra |
Español |
| 245 10 - MENCIÓN DE TÍTULO |
| Título |
Facetas de la crítica : |
| Resto del título |
ensayo sobre literatura y escritores norteamericanos / |
| Mención de responsabilidad, etc. |
Malcolm Cowley; recopilador, Henry Dan Piper; prólogo, Salvador Medrano Covarrubias. |
| 260 ## - PUBLICACIÓN, DISTRIBUCIÓN, ETC. |
| Lugar de publicación, distribución, etc. |
México : |
| Nombre del editor, distribuidor, etc. |
Pax-México, Librería Carlos Cesar, |
| Fecha de publicación, distribución, etc. |
1972. |
| 300 ## - DESCRIPCIÓN FÍSICA |
| Extensión |
318 p. ; |
| Dimensiones |
21 cm. |
| 504 ## - NOTA DE BIBLIOGRAFÍA, ETC. |
| Nota de bibliografía, etc. |
Incluye índice |
| 534 ## - NOTA SOBRE LA VERSIÓN ORIGINAL |
| Encabezamiento principal del original |
Título original : |
| Mención de título del original |
A many-windowed house. |
| 650 #4 - PUNTO DE ACCESO ADICIONAL DE MATERIA--TÉRMINO DE MATERIA |
| Término de materia o nombre geográfico como elemento de entrada |
Literatura estadounidense |
| Subdivisión general |
Ensayos |
| -- |
Historia y crítica |
| 9 (RLIN) |
9946 |
| 650 #4 - PUNTO DE ACCESO ADICIONAL DE MATERIA--TÉRMINO DE MATERIA |
| Término de materia o nombre geográfico como elemento de entrada |
Literatura americana |
| Subdivisión general |
Historia y crítica |
| 9 (RLIN) |
9947 |
| 700 1# - PUNTO DE ACCESO ADICIONAL--NOMBRE DE PERSONA |
| Nombre de persona |
Piper, Henry Dan, |
| Término indicativo de función/relación |
ed. |
| 9 (RLIN) |
9948 |
| 700 1# - PUNTO DE ACCESO ADICIONAL--NOMBRE DE PERSONA |
| Nombre de persona |
Medrano Covarrubias, Salvador |
| Término indicativo de función/relación |
pról. |
| 9 (RLIN) |
9949 |